000 00397nam a2200169 4500
003 OSt
008 241004b |||||||| |||| 00| 0 eng d
041 _amal
082 _a917.291
_bSWA/CU
100 _aSwaraj, M.
_96277
245 _aCuba jeevikkunnu /
260 _aKayamkulam :
_bSithara Books,
_c2020.
300 _a111p.
650 _aTravelogue
_94788
650 _aCuba
_96278
942 _cBK
999 _c18108
_d18108